1452 1841 1482 1475 1535 1503 1147 1354 1691 1187 1982 1759 1835 1407 1153 1559 1519 1096 1615 1487 1527 1693 1558 1953 1801 1070 1080 1969 1941 1074 1589 1699 1033 1109 1367 1799 1586 1567 1538 1392 1660 1121 1293 1655 1466 1327 1362 1163 1822 1043 1870 1081 1333 1600 1168 1210 1456 1568 1422 1982 1953 1944 1335 1711 1381 1345 1597 1707 1076 1801 1300 1072 1344 1505 1864 1654 1796 1132 1705 1288 1598 1337 1061 1124 1351 1381 1938 1407 1094 1047 1399 1776 1299 1325 1751 1090 1246 1543 1471 BCNSPRNW ULIB Ver.6.0+V

เปลี่ยนเป็นภาษาไทย

Change to English
 แสดงรายละเอียดบรรณานุกรม
  กลับหน้าหลัก

Brief Record : Get Marc (ISO 2709) : E-mail record : QR code < ปิดหน้าต่าง
LEADER : 00000nam 2200000uu 4500
001    13399124375
003     ULIB
008    150529s2557||||th 000 0 tha d
099    วจ.LB3051^bพ716ก
100 0  พิมพ์ใจ อุ่นบ้าน, ประกายแก้ว ธนสุวรรณ, วรรณภา พิพัฒน์ธนวงศ์ และอภิวันท์ แก้ววรรณรัตน์
245 00 การประเมินผลการเรียนการสอนวิชาปฏิบัติการพยาบาลครอบครัวชุมชน 2 /^cพิมพ์ใจ อุ่นบ้าน, ประกายแก้ว ธนสุวรรณ, วรรณภา พิพัฒน์ธนวงศ์ และอภิวันท์ แก้ววรรณรัตน์
260    เชียงใหม่:^bวิทยาลัยพยาบาลบรมราชชนนี เชียงใหม่,^c2557
300    84 หน้า
650  4 การประเมินผลการเรียนการสอน^xวิจัย
700 0  ประกายแก้ว ธนสุวรรณ,^eผู้ร่วมวิจัย
700 0  วรรณภา พิพัฒน์ธนวงศ์,^eผู้ร่วมวิจัย
700 0  อภิวันท์ แก้ววรรณรัตน์,^eผู้ร่วมวิจัย
945    ^p0^l0^i039455
999    ^aเกษร โพธิ์สุวรรณ
รายการนี้ยังไม่มีแท็ก
คุณยังไม่ได้ล็อกอิน คุณสามารถมีกิจกรรมร่วมกับเว็บไซต์ได้ แต่ต้องล็อกอินก่อน ::
  ล็อกอิน

รายการสื่อสารสนเทศ

ลำดับที่ ประเภท เลขเรียก/บาร์โค้ด สถานที่ สถานะ
1. งานวิจัย
งานวิจัย
วจ.LB3051 พ716ก ฉ.1 
  Barcode: 039455
ห้องสมุดวิทยาเขตสวรรค์ประชารักษ์
►วิจัย
บนชั้น

BibComment


ยังไม่เคยถูกคอมเมนท์

คอมเมนท์ทรัพยากรรายการนี้
  คอมเมนท์: การประเมินผลการเร..


 Copyright 2026. Bcnsprnw @Library